| 000 | 00990nam a2200253 i 4500 | ||
|---|---|---|---|
| 001 | bg | ||
| 003 | BPK | ||
| 005 | 20220919081701.0 | ||
| 008 | 130116s2001 pl a f |000 0 pol d | ||
| 040 | _cBPK | ||
| 080 | _a341.225(438) | ||
| 080 | _a656.61-049.5 | ||
| 100 | 1 |
_aKoziński, Mirosław Henryk _d(1951- ) _eAutor |
|
| 245 | 0 |
_aPrawo morskie. _nT. 26, _pMateriały. _nNr 3, _pUstawa o bezpieczeństwie morskim / _cMirosław H. Koziński ; Polska Akademia Nauk. Oddział w Gdańsku. Komisja Prawa Morskiego. |
|
| 246 | 3 | 0 | _aUstawa o bezpieczeństwie morskim |
| 250 | _aStan prawny na 9 listopada 2001 r. | ||
| 260 |
_aGdańsk : _bPolska Akademia Nauk - Oddział w Gdańsku, _c2001. |
||
| 300 |
_a46 s. ; _c24 cm. |
||
| 650 | 4 |
_aŻegluga _xbezpieczeństwo. |
|
| 650 | 4 | _aBezpieczeństwo życia na morzu | |
| 650 | 4 | _aPrawo morskie | |
| 856 |
_uhttp://koha.tu.koszalin.pl/cgi-bin/koha/opac-detail.pl?biblionumber=53792 _yKatalog online BPK |
||
| 942 |
_cKS _2UKD |
||
| 999 |
_c53792 _d53792 |
||